| 000 | 00468cam a22002051 4500 | ||
|---|---|---|---|
| 001 | sa 66007197 | ||
| 003 | DLC | ||
| 005 | 20260227112302.0 | ||
| 008 | 881028s1966 xx 000 0 beno | ||
| 010 | _asa 66007197 | ||
| 035 | _a(OCoLC)23565777 | ||
| 040 |
_aDLC _cMiU _dDLC |
||
| 042 | _apremarc | ||
| 050 | 0 | 0 |
_aPK1718.R313 _bS3 |
| 100 | 1 |
_aRay, Sushil, _d1915- |
|
| 245 | 1 | 0 | _aĹšatadru. |
| 260 | _c[1966] | ||
| 300 |
_a107 p. _c23 cm. |
||
| 500 | _aRomanized. | ||
| 999 |
_c70998 _d70998 |
||